Grundriss der Perkussion und Auskultation ... (Record no. 38535)

MARC details
000 -LEADER
fixed length control field 00537cam a22002051 4500
001 - CONTROL NUMBER
control field med47002232
003 - CONTROL NUMBER IDENTIFIER
control field DLC
005 - DATE AND TIME OF LATEST TRANSACTION
control field 20260227111605.0
008 - FIXED-LENGTH DATA ELEMENTS--GENERAL INFORMATION
fixed length control field 810815s1944 xx a 000 0 ger
010 ## - LIBRARY OF CONGRESS CONTROL NUMBER
LC control number med47002232
035 ## - SYSTEM CONTROL NUMBER
System control number (OCoLC)14744350
040 ## - CATALOGING SOURCE
Original cataloging agency DLC
Transcribing agency DNLM
Modifying agency DLC
042 ## - AUTHENTICATION CODE
Authentication code premarc
050 00 - LIBRARY OF CONGRESS CALL NUMBER
Classification number RC76.3
Item number .L37
060 0# - NATIONAL LIBRARY OF MEDICINE CALL NUMBER
Classification number WB 278
Item number L256g 1944
100 1# - MAIN ENTRY--PERSONAL NAME
Personal name Landes, Georg,
Dates associated with a name 1906-
245 10 - TITLE STATEMENT
Title Grundriss der Perkussion und Auskultation ...
260 ## - PUBLICATION, DISTRIBUTION, ETC.
Place of publication, distribution, etc. Berlin,
Name of publisher, distributor, etc. De Gruyter,
Date of publication, distribution, etc. 1944.
300 ## - PHYSICAL DESCRIPTION
Extent viii, 111 p.
Other physical details ill.

No items available.

Powered by Koha